000
00344nam a2200133Ia 4500
008
100122s9999 xx 000 0 und d
082
_b
13191
_a
50
245
_a
अलका
520
_a
दिवाळी अंक 2005
620
_a
दिवाळी अंक 2005
630
_a
अलका
730
_a
अलका
942
_c
BOOK
999
_c
386710
_d
386707